| 000 | 00773nmc a2200289 a 4500 | ||
|---|---|---|---|
| 003 | AR-BaBNM | ||
| 005 | 20251128205335.0 | ||
| 008 | 011101s1997 ||||||||||||||000 | spa|| | ||
| 020 | _a950-506-269-9 | ||
| 040 | _cAR-BaBNM | ||
| 100 | 1 | _aCastillo, Laura | |
| 245 | 1 | 0 |
_aEducación vial _bseñales entre la vía pública y la escuela |
| 250 | _a1ª ed. | ||
| 260 |
_aBuenos Aires _bEdicial _c1997 |
||
| 300 | 0 |
_a29 p. _btablas, diagr. |
|
| 490 | 0 | _aTemas transversales | |
| 504 | _aContiene bibliografía | ||
| 650 | 4 | _aSEGURIDAD VIAL | |
| 650 | 4 | _aSENALES | |
| 653 | 0 | _aTEMAS TRANSVERSALES | |
| 653 | 0 | _aCONTENIDOS BASICOS COMUNES | |
| 653 | 0 | _aEDUCACION VIAL | |
| 700 | 1 | _aPiera, Virginia | |
| 700 | 1 | _aLópez, Daniel | |
| 942 | _cBK | ||
| 998 | _cSILVI | ||
| 999 |
_c11003 _d11003 |
||